000 00606nmc a2200253 a 4500
003 AR-BaBNM
005 20251128211536.0
008 174120s1991 ||||||||||||||000 | spa||
020 _a0-435-27824-X
040 _cAR-BaBNM
100 1 _aMartin, Stella
245 1 0 _aWish at corroboree rock
260 _aOxford
_bHeinemann
_c1991
300 _a32 p.
_bil.
490 0 _aNew wave readers
500 _aNivel 5
650 4 _aENSENANZA DE IDIOMAS
650 4 _aINGLES
650 4 _aCUENTOS
653 _aLITERATURA DIDACTICA
800 1 _aMc. Lean, Alan C.
942 _cBK
998 _cEugenia
999 _c20105
_d20105